01088cam a2200289 a 4500001001000000003000900010005001700019007000300036008004100039020001500080040002500095082002100120100003800141245006500179260009000244300002800334490005500362504003500417590002800452650007500480650003000555830006200585910000700647942001400654952011500668999001500783000004013DO-SdBNP20220927104147.0ta960229s1977 sp a b 000 0 spa d a8450022444 aDO-SdBNPbspacBNPHU 4a686.9bF363i2221 aFernández, Stella Maris.91200813aLa Imprenta en Hispanoamérica /cStella Maris Fernández. aMadrid :bAsociación Nacional de Bibliotecarios. Archiveros y Arqueólogos,c1977. a206 p. :bil. ;c19 cm.1 aBiblioteca profesional de ANABAaIII Cuadernosv13 aBibliografía : p. [203] -206 aInventariado, 2022 / DG 4aLibro libro de industria y comerciozAmérica LatinaxHistoria912009 4aImprentaxHistoria912010 0aBiblioteca profesional de ANABApIII Cuadernosv13912011 aDG 2ddccLBS1 00102ddc56708GRaBNPHUbBNPHUcCTd2009-07-15oBNPHU GR 686.9 F363ip4013-10r2020-06-25w2020-06-25yLBS1 c3832d3832